VADE MECUM de Medicina Legal & Odontologia Legal

Detalles Bibliográficos
Autor principal: Vanrell, Jorge Paulete
Otros Autores: Borborema, Maria de Lourdes
Formato: eBook
Lenguaje:portugués
Publicado: San Pablo: JH Mizuno, 2019
Materias:
Acceso en línea:Acceso restringido

MARC

LEADER 00000nam a22000007a 4500
005 20190725132525.0
007 cr|||| ||||
008 190725s2019 br |||||s|||| 00||0 por d
020 |a 978-85-7789-243-3 
035 |a 23905 
040 |a vLex 
090 |c 9064  |d 9064 
100 1 |a Vanrell, Jorge Paulete 
245 1 0 |a VADE MECUM de Medicina Legal & Odontologia Legal  |h [Recurso electrn̤ico] /  |c Jorge Paulete Vanrell, Maria de Lourdes Borborema 
256 |a Servicio en ln̕ea 
260 |a San Pablo:  |b JH Mizuno,  |c 2019 
300 |a 1 recurso electrn̤ico 
500 |a "Este livro vem preencher uma lacuna, na r̀ea prt̀ica dos Operadores do Direito, dos mďicos e dos odontl̤ogos, quando chamados para auxiliar ̉Justiȧ. Em face dos avanȯs do atual estado da tčnica, da evoluȯ̂ dos procedimentos e da moderna orientaȯ̂ jurisprudencial, esta 3® ediȯ̂, incorporou novidades. Os Mďicos Legistas e os Odonto-legistas, nas suas respectivas r̀eas, como membros tčnicos da Polc̕ia Judicir̀ia, tm̊ a obrigaȯ̂ de saber o qu,̊ como e onde pesquisar os fatos nos corpos que examinam. E o Estado responde, por culpa, quando o Vistor Oficial, deixa de ver, deixa de registrar ou deixa de prestar a informaȯ̂ que faz parte do seu dever de ofc̕io. O extenso conted︢o da matřia foi simplificado, para torn-̀lo t︢il, de fc̀il consulta, para recordar e nô para estudar... A maioria dos capt̕ulos prt̀icos, contam com sugeste̳s para a elaboraȯ̂ de quesitos, tarefa que se mostra s̉ vezes um pouco complexa para os Operadores de Direito. Para tanto, alm̌ de dividir seu conted︢o de acordo com os temas mais momentosos nas especialidades, foi de interesse incluir conceitos bioťicos - que devem nortear o dia-a-dia pericial – e noė̳s de Auditoria Mďica e de Auditoria Odontolg̤ica que complementam a avaliaȯ̂ dos casos e a atribuiȯ̂ das responsabilidades. Oxal ̀este texto “vade tecum”!" 
506 1 |a Disponible solo en los productos indicados  |d vLex Global  |d vLex Global (Academic Edition, excluding Law Schools)  |d vLex Global (U.S. Academic Edition, Law Schools)  |d vLex Global (U.S. Academic Edition, excluding Law Schools)  |d vLex Global (Academic Edition, Law Schools) 
650 0 4 |a Medicina  |z Brasil 
700 1 |a Borborema, Maria de Lourdes 
740 0 |a vLex Libros (Servicio en ln̕ea) 
856 4 0 |u http://vlex.com/source/vade-mecum-de-medicina-legal-odontologia-legal-23905  |z Acceso restringido 
942 |c BOOK 
999 0 |a Medicine